| 000 | 00626nam a2200229Ia 4500 | ||
|---|---|---|---|
| 003 | OSt | ||
| 005 | 20220918230706.0 | ||
| 006 | a|||||r|||| 00| 0 | ||
| 007 | ta | ||
| 008 | 220917b |||||||| |||| 00| 0 eng d | ||
| 024 | _a257,153 | ||
| 037 | _cTextual | ||
| 040 |
_aARTS _cARTS _beng |
||
| 041 |
_2eng _aeng |
||
| 082 | _aX:5.682.M, K4 | ||
| 100 |
_aPankhurst Richard _9124195 |
||
| 245 | 0 | _aTrade of northern ethiopia in the nineteenth and early twentieth centuries | |
| 300 |
_a159p. _ccm. |
||
| 650 | _aECONOMICS | ||
| 942 |
_hX:5.682.M, K4 _cTEXL _2CC |
||
| 999 |
_c288669 _d288669 |
||